Obálka vzorníku písem

Bibliographic Details
Main Author: Stehno, A. (Author)
Format: Article
Language:Slovak
Subjects:

MARC

LEADER 00000nab a22000001a 4500
001 vtls010306435
003 SK-MaSNL
005 20260303220536.0
008 110826d19300228xo |r|p|||| |000 b|slo
015 |a SNBRRBVU1918-1938 
038 |a SNKBUCL 
038 |a SNKBUVU 
040 |a SNKBUVU  |b slo  |c SNKBUCL  |e AACR2 
041 0 |a slo 
044 |a xo  |c SK 
080 |a 766  |2 1997 
080 |a 681.6  |2 1997 
100 1 |a Stehno, A.  |4 aut  |9 739579 
245 1 0 |a Obálka vzorníku písem  |c A. Stehno 
650 0 7 |a grafika  |2 MM  |9 814 
650 0 7 |a typografia  |2 MM  |9 13578 
650 0 7 |a vzorníky písma  |2 MM  |9 1253780 
655 7 |a reprodukcie výtvarných diel  |2 MM  |9 310790 
773 0 |t Typografia-Slovenské číslo  |g Roč. 37, č. 2 (28.2.1930), s. 1 
852 |a SNK  |b KIS3GCP 
910 |a snkrbvumm 
958 |a VY 
999 |c 2227649  |d 2229579